000 01682nam a2200313 a 4500
005 20180803165354.0
008 140128b2005 ck ||||| |||| 00| 0 spa d
041 _aspa
044 _ack
090 _aIAVH
_b00901
245 _aGuacharaca de Chambery
260 _aBogotá
_bInstituto Alexander von Humboldt
_c2005
300 _aFolleto
505 _aVol. 1 Edición 1
505 _aVol. 2 Edición 2
505 _aVol. 3 Edición 3
505 _aVol. 4 Edición 4
505 _aVol. 5 Edición 5
520 _aEstos boletines tienen por objeto dar a conocer los resultados de las acciones de conservación de biodiversidad. De este boletín se han publicado 5 ediciones: Ed. 1: Apertura y presentación de las acciones de conservación a los pobladores de la cuenca media del río Chambery e instituciones del municipio de Aranzazu, Caldas. Ed. 2: La importancia del proyecto Andes, implementación de Herramientas del Paisaje y procesos de conservación en Aranzazu. Ed. 3: La cooperación local de todos los actores y estado de los recursos naturales en la cuenca media del río Chambery. Ed. 4 Caracterizaciones biológicas de aves en Aranzazu llevadas a cabo por la Asociación Calibris. Entrega de resultados y desarrollo sostenible. Ed. 5. Caracterizaciones biológicas de hormigas e insectos en Aranzazu llevadas a cabo por la U. del Valle
650 _aAcciones de conservación
_95559
650 _aProyecto Andes
_91294
650 _aHerramientas de Manejo del Paisaje
_992481
650 _aAranzazu
_95560
650 _aAves
_992429
650 _aHormigas
_992499
662 _aColombia
_cRío Chambery
942 _cCD-ROM
_2z
_01
945 _d2008-07-22
999 _c6432
_d6432